000 00433nam a2200121Ia 4500
008 220615s9999||||xx |||||||||||||| ||und||
100 _aDidem Gökçe
245 0 _aLimnology - Some New Aspects of Inland Water Ecology
546 _aEnglish[eng]
650 _aLife Sciences||Limnology||Ecology||Environmental Sciences
856 _uhttps://www.intechopen.com/books/limnology-some-new-aspects-of-inland-water-ecology
942 _cEB
999 _c10433
_d10433